La curiosidad de los niños (Record no. 65392)

MARC details
000 -CABECERA
campo de control de longitud fija 00528nam a2200205 a 4500
005 - FECHA Y HORA DE LA ÚLTIMA TRANSACCIÓN
campo de control 20230517063538.0
008 - ELEMENTOS DE LONGITUD FIJA--INFORMACIÓN GENERAL
campo de control de longitud fija 991125n 000 0 spa u
035 ## - NÚMERO DE CONTROL DEL SISTEMA
Número de control de sistema UPN01000070513
100 1# - ASIENTO PRINCIPAL--NOMBRE PERSONAL
Nombre de persona Locke, John,
Fechas asociadas al nombre 1632-1704
9 (RLIN) 29023
222 ## - TÍTULO CLAVE
Título clave EL MAESTRO
245 ## - MENCIÓN DE TÍTULO
Título La curiosidad de los niños
300 ## - DESCRIPCIÓN FÍSICA
Extensión 218-220
362 0# - FECHAS DE PUBLICACIÓN Y/O DESIGNACIÓN SECUENCIAL
Fecha de publicación y/o designación secuencial 1969 No. 10, dic.
653 0# - TERMINO DE INDIZACION - NO CONTROLADO
Término no controlado DESARROLLO INFANTIL
653 0# - TERMINO DE INDIZACION - NO CONTROLADO
Término no controlado NIÑOS
653 0# - TERMINO DE INDIZACION - NO CONTROLADO
Término no controlado PROCESO COGNOSCITIVO
653 0# - TERMINO DE INDIZACION - NO CONTROLADO
Término no controlado PSICOLOGIA INFANTIL
904 ## - ELEMENTOS DE DATOS D LOCAL, LDD (RLIN)
a AC
b 008324
905 ## - TIPO DE MATERIAL
Tipo de material Articulo

No items available.